000 00565nam a2200157Ia 4500
008 151213s9999 xx 000 0 und d
020 _a984-20-0039-9
100 _aমনসুর মূসা
245 _aবানান বাংলা বর্ণমালা পরিচয় ও প্রতিবর্ণীকরণ।
_cমনসুর মূসা
260 _aঢাকা
_bএ্যাডার্ন।
_c2007
300 _a8473 p.
650 _aBangla
650 _aBengali Literature
700 _aমনসুর মূসা
999 _c4311
_d4311